Vista normal
Vista MARC
Entrada Personal Name
Número de registros utilizados en: 2
001 - CONTROL NUMBER
- control field: 44010
003 - CONTROL NUMBER IDENTIFIER
- control field: OSt
005 - DATE AND TIME OF LATEST TRANSACTION
- control field: 20250127160325.0
008 - FIXED-LENGTH DATA ELEMENTS
- fixed length control field: 250127|| aca||aabn | a|a d
040 ## - CATALOGING SOURCE
- Original cataloging agency: OSt
- Transcribing agency: OSt
100 ## - HEADING--PERSONAL NAME
- Personal name: Narváez García, José Ignacio,
- Dates associated with a name: 1922-
670 ## - SOURCE DATA FOUND
- Source citation: Work cat.: (OSt)30923: Narváez García, José Ignacio, 1922- autor, Tipos de sociedad / , 2002.